| 000 | 00640cam a2200217 a 4500 | ||
|---|---|---|---|
| 001 | 000018433 | ||
| 005 | 20200929165516.0 | ||
| 008 | 840522s1981 ho 000 f spa d | ||
| 040 |
_aDO-SdBNP _bspa _cLC _dBNPHU |
||
| 082 |
_aHo863.44 _bC352c |
||
| 100 | 1 |
_aCastillo, Roberto, _d1950- _939903 |
|
| 245 | 1 | 3 |
_aEl corneta : _bnovela / _cRoberto Castillo. |
| 260 |
_aTegucigalpa, Honduras : _bGuaymuras, _c1981. |
||
| 300 |
_a78 p. ; _c20 cm. |
||
| 490 | 1 | _aFragua | |
| 650 | 4 |
_aNovela hondureña _939822 |
|
| 650 | 4 |
_aLiteratura hondureña _ySIGLO XX _939196 |
|
| 830 | 0 |
_aFragua. _939823 |
|
| 910 | _aCatalogación derivada | ||
| 049 | _aBNGR | ||
| 999 |
_c17953 _d17953 |
||